000 00726nam a2200265Ia 4500
005 20260302114841.0
008 008 260114s9999 xx 000 0 eng d
020 _a9781683935001
037 _aTextbook
040 _aCRL
040 _beng
040 _cCRL
041 _2eng
041 _aeng
084 _qCRL
100 _aMélanie Joseph-Vilain
_91119951
245 0 _aPost-Apartheid Gothic White South African Writers and Space
260 _bBloomsbury
260 _bFairleigh Dickinson University Press
260 _c2021
650 _aLiterary Studies
856 _uhttps://doi.org/10.5040/9781683935001?locatt=label:secondary_bloomsburyCollections
942 _cEBOOK
999 _c1684059
_d1684059